In the web of cultural transition: a tracer study of children in Embu District, Kenya

Uloženo v:
Podrobná bibliografie
Hlavní autoři: Njenga, Ann (Autor), Kabiru, Margaret (Autor)
Médium: Kniha
Jazyk:angličtina
Vydáno: La Haya Bernard van Leer Foundation 2001
Edice:Earle Childhood Development: Practice and Reflections, 14
Témata:
Tagy: Přidat tag
Žádné tagy, Buďte první, kdo vytvoří štítek k tomuto záznamu!

MARC

LEADER 00000nam a2200000 a 4500
001 UCK9338
003 CL-VaPUC
008 060428e20010000NE |||||||||||||||||eng|d
020 |a 9061950600 
082 0 4 |a 306.43  |b NJE  |2 21 
100 0 |a Njenga, Ann  |e author  |9 499074 
700 0 |a Kabiru, Margaret  |e author  |9 499075 
245 1 0 |a In the web of cultural transition: a tracer study of children in Embu District, Kenya 
300 |a 107 p 
942 |c BK 
945 |d 20060428 00:00:00  |a cmena 
260 |a La Haya  |b Bernard van Leer Foundation  |c 2001 
650 0 |a Sociología de la educación   |9 260380 
650 0 |a Desarrollo cultural  |9 267526 
650 0 |a Educación preescolar  |9 260381 
650 0 |a Rol del docente  |9 329733 
650 0 |a Métodos de enseñanza  |9 270413 
650 0 |a Investigación educacional   |9 261192 
650 0 |a Países en desarrollo  |9 259663 
583 |a last modification  |c 20060428 00:00:00  |k Rodrigo Vera 
490 0 |a Earle Childhood Development: Practice and Reflections, 14 
999 |c 316554  |d 316552 
952 |0 0  |1 0  |4 0  |6 306_430000000000000_NJE_2001  |7 0  |8 P  |9 391011  |a BIBEDU  |b BIBEDU  |c BIBEDU_PB  |d 2019-11-22  |i 4225406  |o 306.43 NJE 2001  |p 4225406  |r 2024-01-25  |w 2019-11-22  |y BK  |k EDU